[Event "?"]
[Site "masterchessopen.com – corr."]
[Round "0"]
[White "Palmo Pentti (FIN)"]
[Black "Aaltio Erkki (FIN)"]
[Result "1-0"]
[WhiteElo "2065"]
[BlackElo "2133"]

1.e4 c5 2.Nf3 Nc6 3.d4 cxd4 4.Nxd4 e6 5.Nb5 d6 6.c4 a6 7.N5c3 Nf6 8.Be2 Be7
9.O-O O-O 10.a3 b6 11.Be3 Rb8 12.f4 Qc7 13.Nd2 Rd8 14.Rc1 Bd7 15.Qe1 Be8
16.Bf3 b5 17.cxb5 axb5 18.Nd5 Qb7 19.Nxe7+ Nxe7 20.f5 exf5 21.exf5 d5 22.g4
Rbc8 23.Bc5 {#r} 1-0

[Event "It"]
[Site "masterchessopen.com – Lvov (Ukraine)"]
[Round "0"]
[White "Gulko Boris F (USA)"]
[Black "Mukhin Mikhail (RUS)"]
[Result "0-1"]
[WhiteElo "2535"]
[BlackElo "2420"]

1.e4 c5 2.Ne2 Nc6 3.d4 cxd4 4.Nxd4 e6 5.Nb5 d6 6.c4 Nf6 7.N1c3 a6 8.Na3 Be7
9.Be2 O-O 10.O-O Bd7 11.Be3 Qa5 12.Rc1 Rab8 13.f4 Rfd8 14.Qe1 Be8 15.Qf2 b5
16.cxb5 axb5 17.Bxb5 Ng4 18.Qe2 Nxe3 19.Qxe3 d5 20.exd5 exd5 21.Ncb1 Bxa3
22.Bxc6 Bxb2 23.Rc2 Bxc6 24.Rxc6 Qa4 {#R} 0-1

[Event "It"]
[Site "masterchessopen.com – Venice (Italy)"]
[Round "0"]
[White "Hamann Svend (DEN)"]
[Black "Antoshin Vladimir S (RUS)"]
[Result "0-1"]
[WhiteElo "2298"]
[BlackElo "2250"]

1.e4 c5 2.Nf3 e6 3.d4 cxd4 4.Nxd4 Nc6 5.Nb5 d6 6.Bf4 e5 7.Be3 a6 8.N5c3 Nf6
9.Be2 Be7 10.O-O O-O 11.Nd2 b5 12.a4 b4 13.Nd5 Nxd5 14.exd5 Na5 15.f4 exf4
16.Bxf4 Bf5 17.Kh1 Bg6 18.Nf3 Bf6 19.Ra2 Bxc2 {#R} 0-1

[Event "It"]
[Site "masterchessopen.com – Venice (Italy)"]
[Date "1966.03.17"]
[Round "5"]
[White "Hamann Svend (DEN)"]
[Black "Antoshin Vladimir S (RUS)"]
[Result "0-1"]
[WhiteElo "2298"]
[BlackElo "2250"]

1.e4 c5 2.Nf3 e6 3.d4 cxd4 4.Nxd4 Nc6 5.Nb5 d6 6.Bf4 e5 7.Be3 a6 8.N5c3 Nf6
9.Be2 Be7 10.O-O O-O 11.Nd2 b5 12.a4 b4 13.Nd5 Nxd5 14.exd5 Na5 15.f4 exf4
16.Bxf4 Bf5 17.Kh1 Bg6 18.Nf3 Bf6 19.Ra2 Bxc2 20.Qxc2 b3 {#R} 0-1

[Event "Memorial J.Capablanca"]
[Site "masterchessopen.com – Habana (Cuba)"]
[Round "0"]
[White "Hort Vlastimil (GER)"]
[Black "Troianescu Octav (ROM)"]
[Result "1-0"]
[WhiteElo "2605"]
[BlackElo "2330"]

1.e4 c5 2.Nf3 e6 3.d4 cxd4 4.Nxd4 Nc6 5.Nb5 d6 6.c4 a6 7.N5a3 Nf6 8.Nc3 Be7
9.Be2 O-O 10.O-O Bd7 11.Be3 Qa5 12.Qd2 Rfd8 13.Rfd1 Be8 14.Nc2 Rac8 15.f3 Qc7
16.Bf2 Ne5 17.Ne3 h6 18.Rac1 {#r} 1-0

[Event "It"]
[Site "masterchessopen.com – Kecskemet (Hungary)"]
[Round "0"]
[White "Dely Peter (HUN)"]
[Black "Suetin Alexei S (RUS)"]
[Result "0-1"]
[WhiteElo "2391"]
[BlackElo "2550"]

1.e4 c5 2.Nf3 Nc6 3.d4 cxd4 4.Nxd4 e6 5.Nb5 d6 6.c4 Nf6 7.N5c3 Be7 8.Be2 O-O
9.O-O b6 10.b3 Bb7 11.Bb2 Nd7 12.Na3 Nc5 13.Qd2 Bf6 14.Rfe1 Be5 15.Bf1 f5
16.exf5 Rxf5 17.Nd1 Qh4 18.g3 Qf6 19.Bg2 Rf8 20.Rb1 Bxb2 21.Rxb2 Ne5 22.Re3
Bxg2 23.Kxg2 Ng4 24.Re1 Rh5 {#R} 0-1

[Event "corr."]
[Site "masterchessopen.com – Yugoslavia"]
[Round "0"]
[White "Simic Dragan (SLO)"]
[Black "Ziger Silvestar (CRO)"]
[Result "0-1"]
[WhiteElo "2289"]
[BlackElo "2181"]

1.e4 c5 2.Nf3 e6 3.d4 cxd4 4.Nxd4 Nc6 5.Nb5 d6 6.c4 Nf6 7.N1c3 a6 8.Na3 Be7
9.Be2 O-O 10.O-O b6 11.Be3 Bb7 12.Nc2 Ne5 13.f4 Ned7 14.Bf3 Rc8 15.Qd3 Qc7
16.Be2 b5 17.cxb5 axb5 18.Qxb5 Nxe4 19.Nxe4 Bxe4 20.Nb4 Rb8 21.Qa4 Nc5 22.Qa3
Qb7 23.Bd2 Bxg2 {#R} 0-1

[Event "It (open)"]
[Site "masterchessopen.com – Staffordshire (England)"]
[Round "2"]
[White "Wood Peter C (ENG)"]
[Black "Quinn John M (ENG)"]
[Result "0-1"]
[WhiteElo "1862"]
[BlackElo "2151"]

1.e4 c5 2.Nf3 Nc6 3.d4 cxd4 4.Nxd4 e6 5.Nb5 d6 6.c4 Nf6 7.N5c3 b6 8.Be2 Bb7
9.O-O Be7 10.Na3 O-O 11.Nc2 Ne5 12.f3 d5 13.cxd5 exd5 14.f4 Bc5+ 15.Kh1 Ng6
16.e5 d4 17.exf6 dxc3 18.fxg7 Kxg7 19.Ne3 Nh4 20.Rg1 Re8 21.Qe1 Bxe3 22.Qg3+
Kh8 23.Bxe3 Nf5 {#R} 0-1

[Event "Ch Poland"]
[Site "masterchessopen.com – Bydgoszcz (Poland)"]
[Round "5"]
[White "Pietrusiak Bogdan (SWE)"]
[Black "Jamroz Zbigniew (POL)"]
[Result "0-1"]
[WhiteElo "2165"]
[BlackElo "2179"]

1.e4 c5 2.Nf3 e6 3.d4 cxd4 4.Nxd4 Nc6 5.Nb5 d6 6.c4 Nf6 7.N1c3 a6 8.Na3 Be7
9.Be2 O-O 10.O-O b6 11.Be3 Bb7 12.Rc1 Re8 13.Re1 Ne5 14.Qd4 Ned7 15.Bf3 Rb8
16.Nc2 Qc7 17.Bg5 Rbd8 18.b3 Nc5 19.Qe3 h6 20.Bf4 Ncd7 21.g4 Nh7 22.Be2 e5
23.Bg3 Bg5 24.Qd3 Nc5 {#R} 0-1

[Event "Olympiad (w) (final B)"]
[Site "masterchessopen.com – Buenos Aires (Argentina)"]
[Round "4"]
[White "Khadilkar Rohini (IND)"]
[Black "Pope Lynda (AUS)"]
[Result "1-0"]
[WhiteElo "2215"]
[BlackElo "2040"]

1.e4 c5 2.Nf3 Nc6 3.d4 cxd4 4.Nxd4 e6 5.Nb5 d6 6.Bf4 e5 7.Be3 Nf6 8.Bg5 Be6
9.Bxf6 gxf6 10.N1c3 a6 11.Na3 b5 12.Nd5 f5 13.Bd3 Qa5+ 14.c3 Rb8 15.Nf6+ Ke7
16.exf5 Bxa2 17.Rxa2 b4 18.Qg4 bxa3 19.Rxa3 Qd8 20.Nd5+ Ke8 21.Rxa6 Qc8 22.Qa4
Kd7 23.Nb6+ {#r} 1-0

[Event "Europe Tournament (corr.)"]
[Site "masterchessopen.com – corr."]
[Round "0"]
[White "Hintikka Eero (FIN)"]
[Black "Schuler Klaus (GER)"]
[Result "1-0"]
[WhiteElo "2110"]
[BlackElo "2196"]

1.e4 c5 2.Nf3 Nc6 3.d4 cxd4 4.Nxd4 e6 5.Nb5 d6 6.c4 Nf6 7.N1c3 a6 8.Na3 Be7
9.Nc2 O-O 10.Be2 b6 11.O-O Bb7 12.Ne3 Qc7 13.Qd2 Ne5 14.f3 Rfd8 15.Rd1 Bc6
16.b3 Qb7 17.a4 Rd7 18.Bb2 Rad8 19.Ncd5 Bf8 20.Qd4 exd5 21.cxd5 Rc7 22.dxc6
Nxc6 23.Qd3 {#r} 1-0

[Event "Izt (w)"]
[Site "masterchessopen.com – Rio de Janeiro (Brazil)"]
[Date "1979.09.30"]
[Round "6"]
[White "Ioseliani Nana (GEO)"]
[Black "Fischdick Gisela (GER)"]
[Result "1-0"]
[WhiteElo "2475"]
[BlackElo "2236"]

1.e4 c5 2.Nf3 e6 3.d4 cxd4 4.Nxd4 Nc6 5.Nb5 d6 6.c4 Nf6 7.N1c3 a6 8.Na3 Be7
9.Be2 O-O 10.O-O b6 11.f4 Bb7 12.Bf3 Rc8 13.Be3 Na5 14.Qd3 Nc6 15.Qe2 Nd7
16.Rac1 Qc7 17.Nd5 exd5 18.cxd5 Nd4 19.Bxd4 Qxc1 20.Rxc1 Rxc1+ 21.Kf2 Rfc8
22.Bg4 R8c7 23.Bxd7 Rxd7 24.Qg4 {#r} 1-0

[Event "Ch World (team) (under 26)"]
[Site "masterchessopen.com – Graz (Austria)"]
[Round "0"]
[White "Hergott Deen (CAN)"]
[Black "Kural Jaroslav (CZE)"]
[Result "1-0"]
[WhiteElo "2385"]
[BlackElo "1994"]

1.e4 c5 2.Nf3 e6 3.d4 cxd4 4.Nxd4 Nc6 5.Nb5 d6 6.c4 Nf6 7.N1c3 a6 8.Na3 Be7
9.Be2 O-O 10.O-O b6 11.Be3 Ne5 12.f4 Nfd7 13.Bf3 Bb7 14.Qe2 Qc7 15.Rac1 Rac8
16.g4 Nc5 17.Qg2 g5 18.f5 Ned7 19.Qd2 h6 20.b4 exf5 21.gxf5 g4 22.Bg2 {#r} 1-0

[Event "Olympiad"]
[Site "masterchessopen.com – Lucerne (Switzerland)"]
[Round "2"]
[White "Luque Carlos (HON)"]
[Black "Belkhodja Slim (TUN)"]
[Result "0-1"]
[WhiteElo "2205"]
[BlackElo "2440"]

1.e4 c5 2.Nf3 e6 3.d4 cxd4 4.Nxd4 Nc6 5.Nb5 d6 6.c4 Nf6 7.N1c3 a6 8.Na3 Be7
9.Be2 O-O 10.O-O b6 11.Bg5 Bb7 12.Qd2 Qc7 13.f3 Ne5 14.Rac1 Rac8 15.Kh1 Qb8
16.Qd4 Ned7 17.Rfd1 Rc5 18.Nc2 Rxg5 {#R} 0-1

[Event "Ch Europe (juniors) (under 20)"]
[Site "masterchessopen.com – Groningen (Netherlands)"]
[Round "10"]
[White "Bator Robert (SWE)"]
[Black "Adler Joel (SUI)"]
[Result "1-0"]
[WhiteElo "2411"]
[BlackElo "2266"]

1.e4 c5 2.Nf3 e6 3.d4 cxd4 4.Nxd4 Nc6 5.Nb5 d6 6.c4 Nf6 7.N1c3 a6 8.Na3 Be7
9.Be2 O-O 10.O-O b6 11.f4 Bb7 12.Bf3 Qc7 13.Be3 Nb8 14.g4 h6 15.g5 hxg5
16.fxg5 Nh7 17.g6 fxg6 18.Bg4 Rxf1+ 19.Qxf1 Ng5 20.h4 Nxe4 21.Bxe6+ Kh7 22.h5
Bg5 23.hxg6+ Kxg6 24.Qf5+ {#r} 1-0

[Event "?"]
[Site "masterchessopen.com – Italy"]
[Round "0"]
[White "Pantaleoni Claudio (ITA)"]
[Black "Vancini Edoardo (ITA)"]
[Result "1-0"]
[WhiteElo "2166"]
[BlackElo "2263"]

1.e4 c5 2.Nf3 e6 3.d4 cxd4 4.Nxd4 Nc6 5.Nb5 Bc5 6.Bf4 e5 7.Be3 Bxe3 8.Nd6+ Kf8
9.fxe3 Nf6 10.Nc3 Qb6 11.Qd2 Qxb2 12.Rb1 Qa3 13.Bc4 Na5 14.Bxf7 g6 15.O-O Kg7
16.Ncb5 Qc5 17.Rxf6 Kxf6 18.Rf1+ Kg7 19.Qf2 Rf8 20.Qf6+ Kh6 21.Nf5+ {#r} 1-0

[Event "?"]
[Site "masterchessopen.com – Kazan (Russia)"]
[Round "0"]
[White "Estrin Yakov B (RUS)"]
[Black "Bashkov Viacheslav (RUS)"]
[Result "0-1"]
[WhiteElo "2450"]
[BlackElo "2294"]

1.e4 c5 2.Nf3 e6 3.d4 cxd4 4.Nxd4 Nc6 5.Nb5 d6 6.c4 Nf6 7.N1c3 a6 8.Na3 Be7
9.Be2 O-O 10.Be3 b6 11.f4 Bb7 12.Bf3 Rc8 13.Rc1 Na5 14.Qd3 d5 15.cxd5 b5
16.Naxb5 axb5 17.Qxb5 Nc4 18.Bd4 exd5 19.e5 Bc6 20.Qa6 Nd7 21.Nxd5 Bxd5
22.Bxd5 Ndb6 23.Bxb6 Qxd5 24.O-O Nxb6 {#R} 0-1

[Event "Europe Tournament (corr.)"]
[Site "masterchessopen.com – corr."]
[Round "0"]
[White "Schuchardt Guenter (GER)"]
[Black "Neckar Lubomir (CZE)"]
[Result "1-0"]
[WhiteElo "2044"]
[BlackElo "2367"]

1.e4 c5 2.Nf3 e6 3.d4 cxd4 4.Nxd4 Nc6 5.Nb5 d6 6.c4 Nf6 7.N5c3 Be7 8.Be2 O-O
9.O-O b6 10.Bf4 Bb7 11.Nd2 Nd4 12.Bd3 Nd7 13.Rc1 a6 14.Bg3 Nc5 15.Bb1 e5 16.f4
Nd7 17.Nf3 Nc6 18.Nd5 exf4 19.Bxf4 Nce5 20.Nd4 Nf6 21.Nxe7+ {#r} 1-0

[Event "Memorial P.Dubinin"]
[Site "masterchessopen.com – Gorky (Russia)"]
[Round "0"]
[White "Meshkov Yuri A (RUS)"]
[Black "Shestoperov Aleksej (RUS)"]
[Result "0-1"]
[WhiteElo "2394"]
[BlackElo "2388"]

1.e4 c5 2.Nf3 e6 3.d4 cxd4 4.Nxd4 Nc6 5.Nb5 d6 6.c4 Nf6 7.N1c3 a6 8.Na3 Be7
9.Be2 O-O 10.O-O b6 11.Be3 Bb7 12.Qb3 Nd7 13.Rfd1 Rc8 14.Rd2 Qc7 15.Rc1 Nce5
16.Qd1 Nf6 17.f3 d5 18.cxd5 Bc5 19.Bd4 exd5 20.f4 Ng6 21.e5 Ne4 22.Rdc2 Nxf4
23.Bg4 Qxe5 {#R} 0-1

[Event "?"]
[Site "masterchessopen.com – Hamburg (Germany)"]
[Round "0"]
[White "Lengyel Bela (HUN)"]
[Black "Stone Raymond (CAN)"]
[Result "1-0"]
[WhiteElo "2288"]
[BlackElo "2321"]

1.e4 c5 2.Nf3 e6 3.d4 cxd4 4.Nxd4 Nc6 5.Nb5 d6 6.Bf4 e5 7.Be3 Nf6 8.N1c3 a6
9.Na3 b5 10.Nd5 Rb8 11.Bd3 Ne7 12.c4 bxc4 13.Nxf6+ gxf6 14.Nxc4 Bb7 15.Qa4+
Bc6 16.Qxa6 Bg7 17.O-O O-O 18.Rfd1 Ra8 19.Qb6 Qd7 20.Qb4 d5 21.Nb6 Qb7 22.exd5
{#r} 1-0

[Event "Match \"]
[Site "masterchessopen.com – Helsinki (Finland)"]
[Round "0"]
[White "Rantanen Yrjo A (FIN)"]
[Black "Kiik Kalle (EST)"]
[Result "0-1"]
[WhiteElo "2400"]
[BlackElo "2390"]

1.e4 c5 2.Nf3 e6 3.d4 cxd4 4.Nxd4 Nc6 5.Nb5 d6 6.c4 Nf6 7.N5c3 b6 8.Be2 Bb7
9.f4 Be7 10.a3 O-O 11.Ra2 e5 12.f5 Nd4 13.Bd3 b5 14.cxb5 d5 15.exd5 Bxd5
16.Nxd5 Qxd5 17.b3 Rad8 18.Rd2 Ne4 19.Bc4 Qc5 20.Rd3 Nxb3 21.Qc2 Nxc1 22.Rxd8
Qe3+ 23.Qe2 Nxe2 {#R} 0-1

[Event "Tournament \"]
[Site "masterchessopen.com – Melbourne (Australia)"]
[Round "8"]
[White "Wohl Aleksandar H (AUS)"]
[Black "Fuller Maxwell L (AUS)"]
[Result "0-1"]
[WhiteElo "2408"]
[BlackElo "2269"]

1.e4 c5 2.Nf3 e6 3.d4 cxd4 4.Nxd4 Nc6 5.Nb5 Nf6 6.Bf4 e5 7.Bg5 Bc5 8.N1c3 Qb6
9.Bxf6 Bxf2+ 10.Ke2 Qe3# 0-1

[Event "It (open)"]
[Site "masterchessopen.com – Dublin (Ireland)"]
[Round "0"]
[White "Kaidanov Gregory S (USA)"]
[Black "Reynolds Robert (USA)"]
[Result "1-0"]
[WhiteElo "2574"]
[BlackElo "2227"]

1.e4 c5 2.Nf3 e6 3.d4 cxd4 4.Nxd4 Nc6 5.Nb5 Bc5 6.Bf4 Bb6 7.N1c3 Nge7 8.Nd6+
Kf8 9.Qd2 Ng6 10.Be3 Bxe3 11.Qxe3 a6 12.Be2 h5 13.O-O-O b5 14.f4 Qc7 15.Rhf1
Rh6 16.f5 Nge5 17.f6 Rxf6 18.Rxf6 gxf6 19.Qh6+ Ke7 20.Nf5+ {#r} 1-0

[Event "Ch Greece (w)"]
[Site "masterchessopen.com – Greece"]
[Round "8"]
[White "Giaidzi Aspasia (GRE)"]
[Black "Makropoulou Marina (GRE)"]
[Result "0-1"]
[WhiteElo "2052"]
[BlackElo "2207"]

1.e4 c5 2.Nf3 Nc6 3.d4 cxd4 4.Nxd4 e6 5.Nb5 d6 6.c4 a6 7.N5c3 Nf6 8.Be2 Be7
9.O-O O-O 10.Be3 b6 11.f4 Bb7 12.Nd2 Rc8 13.Qe1 d5 14.cxd5 exd5 15.exd5 Nb4
16.Qf2 Nfxd5 17.Nxd5 Nxd5 18.Bd4 Re8 19.Bf3 Bh4 20.g3 Nxf4 21.Kh1 Re2 22.Bxb6
Qxd2 23.Bxb7 Rxf2 24.Rxf2 Rc1+ {#R} 0-1

[Event "It (active)"]
[Site "masterchessopen.com – Oviedo (Spain)"]
[Round "3"]
[White "Ruiz Luis (CUB)"]
[Black "Sion Castro Marcelino (ESP)"]
[Result "0-1"]
[WhiteElo "2003"]
[BlackElo "2371"]

1.e4 c5 2.Nf3 e6 3.d4 cxd4 4.Nxd4 Nc6 5.Nb5 d6 6.c4 Nf6 7.N5c3 Be7 8.Be2 O-O
9.O-O b6 10.Be3 Bb7 11.Nd2 d5 12.cxd5 exd5 13.exd5 Nb4 14.Nc4 Nbxd5 15.Nxd5
Nxd5 16.Qb3 Nxe3 17.Nxe3 Bc5 18.Rad1 Qg5 19.Nd5 Rae8 20.Bf3 Ba6 21.Rfe1 Rxe1+
22.Rxe1 Qd2 {#R} 0-1

[Event "It (open)"]
[Site "masterchessopen.com – San Fernando (Argentina)"]
[Round "12"]
[White "Medina Paz Miguel (CUB)"]
[Black "Rodriguez Aguilera Juan (ESP)"]
[Result "0-1"]
[WhiteElo "2429"]
[BlackElo "2236"]

1.e4 c5 2.Nf3 e6 3.d4 cxd4 4.Nxd4 Nc6 5.Nb5 d6 6.Bf4 e5 7.Be3 Nf6 8.Bg5 Be6
9.N1c3 a6 10.Bxf6 gxf6 11.Na3 d5 12.exd5 Bxa3 13.bxa3 Qa5 14.Qd2 O-O-O 15.Bc4
Rhg8 16.O-O-O Qxa3+ 17.Kb1 Nd4 18.dxe6 Qb4+ 19.Bb3 Nxb3 20.Qe3 Nd2+ {#R} 0-1

[Event "It (open)"]
[Site "masterchessopen.com – Donau (Austria)"]
[Round "0"]
[White "Schorn Christoph (AUT)"]
[Black "Sommerbauer Norbert (AUT)"]
[Result "0-1"]
[WhiteElo "2133"]
[BlackElo "2414"]

1.e4 c5 2.Nf3 e6 3.d4 cxd4 4.Nxd4 Nc6 5.Nb5 d6 6.c4 Nf6 7.N5c3 Be7 8.Be2 b6
9.O-O Bb7 10.Be3 Nb8 11.Nd2 Nbd7 12.Re1 O-O 13.Bf1 Rc8 14.Rc1 Qc7 15.Bd4 Qb8
16.Kh1 Rfe8 17.f4 e5 18.Be3 exf4 19.Bxf4 Bf8 20.Nd5 Re6 21.Rc3 Rce8 22.Rce3
Ne5 23.Bg5 Nfg4 {#R} 0-1

[Event "corr."]
[Site "masterchessopen.com – Hungary"]
[Round "0"]
[White "Palffy Istvan (HUN)"]
[Black "Csuri Laszlo (HUN)"]
[Result "0-1"]
[WhiteElo "2105"]
[BlackElo "2050"]

1.e4 c5 2.Nf3 e6 3.d4 cxd4 4.Nxd4 Nc6 5.Nb5 d6 6.Bf4 e5 7.Be3 a6 8.N5c3 Nf6
9.f3 Be6 10.a4 d5 11.exd5 Bxd5 12.Nxd5 Nxd5 13.Bf2 Qa5+ 14.c3 Rd8 15.Qb3 Bc5
16.Bc4 Bxf2+ {#R} 0-1

[Event "It (open)"]
[Site "masterchessopen.com – Kassel (Germany)"]
[Round "5"]
[White "Matzdorf Michael (GER)"]
[Black "Kersten Uwe (GER)"]
[Result "0-1"]
[WhiteElo "2220"]
[BlackElo "2325"]

1.e4 c5 2.Nf3 e6 3.d4 cxd4 4.Nxd4 Nc6 5.Nb5 d6 6.c4 Nf6 7.N1c3 a6 8.Na3 Be7
9.Be2 O-O 10.O-O b6 11.f4 Bb7 12.Bf3 Rc8 13.Qe2 Nd4 14.Qf2 Nxf3+ 15.gxf3 a5
16.Be3 b5 {#R} 0-1

[Event "It (open)"]
[Site "masterchessopen.com – New York (USA)"]
[Round "0"]
[White "Hechtlinger John (USA)"]
[Black "Zapata Alonso (COL)"]
[Result "0-1"]
[WhiteElo "2155"]
[BlackElo "2530"]

1.e4 c5 2.Nf3 e6 3.d4 cxd4 4.Nxd4 Nc6 5.Nb5 d6 6.c4 Nf6 7.N1c3 a6 8.Na3 Be7
9.Be2 O-O 10.O-O b6 11.Be3 Bb7 12.Qd2 Ne5 13.f3 d5 14.exd5 exd5 15.Nxd5 Bxd5
16.cxd5 Nxd5 17.Bd4 Bb4 18.Qd1 Re8 19.Nc4 Nc6 20.Bf2 Nf4 21.Be3 Nd4 {#R} 0-1

[Event "It (open) \"]
[Site "masterchessopen.com – Stockholm (Sweden)"]
[Round "5"]
[White "Wedberg Tom (SWE)"]
[Black "Andersson Bjorn (SWE)"]
[Result "1-0"]
[WhiteElo "2465"]
[BlackElo "2319"]

1.e4 c5 2.Nf3 Nc6 3.d4 cxd4 4.Nxd4 e6 5.Nb5 d6 6.Bf4 e5 7.Be3 a6 8.N5c3 Nf6
9.Bc4 Be6 10.Nd5 Rc8 11.Nbc3 Be7 12.O-O O-O 13.Bb3 Kh8 14.Qd3 Ne8 15.Rad1 Bg5
16.Bb6 Qd7 17.Qg3 Bh6 18.Qh4 f5 19.exf5 Rxf5 20.Be3 Bxe3 21.fxe3 Rd8 22.Nb6
{#r} 1-0

[Event "Ch Yugoslavia (w)"]
[Site "masterchessopen.com – Belgrade (Yugoslavia)"]
[Round "5"]
[White "Milivojevic Slobodanka (SRB)"]
[Black "Popov Radmila (CRO)"]
[Result "0-1"]
[WhiteElo "2019"]
[BlackElo "2019"]

1.e4 c5 2.Nf3 e6 3.d4 cxd4 4.Nxd4 Nc6 5.Nb5 d6 6.c4 a6 7.N5c3 Nf6 8.Be2 Be7
9.O-O O-O 10.Be3 Bd7 11.f4 Rc8 12.Nd2 Nb8 13.e5 Ne8 14.Nde4 Bc6 15.Bd3 Qa5
16.Nf6+ Nxf6 17.exf6 {#R} 0-1

[Event "Ch Club KKS"]
[Site "masterchessopen.com – Cologne (Germany)"]
[Round "0"]
[White "Kruett Michael"]
[Black "Venhoff Michael"]
[Result "0-1"]
[WhiteElo "1760"]
[BlackElo "1975"]

1.e4 c5 2.Nf3 e6 3.d4 cxd4 4.Nxd4 Nc6 5.Nb5 d6 6.c4 Nf6 7.N1c3 a6 8.Na3 Be7
9.Be2 O-O 10.O-O b6 11.f4 Bb7 12.Bf3 Rc8 13.Be3 Na5 14.Qe2 d5 15.cxd5 Bxa3
16.dxe6 fxe6 17.Rfd1 Qe7 18.bxa3 Rxc3 19.Bxb6 Qxa3 20.Rab1 Ba8 21.Qxa6 Rxf3
22.gxf3 Qxf3 23.Qd3 Qxd3 24.Rxd3 Bxe4 {#R} 0-1

[Event "Bayern Oberliga"]
[Site "masterchessopen.com – Germany"]
[Round "6"]
[White "Saathoff Richard (GER)"]
[Black "Wachinger Guenther (GER)"]
[Result "0-1"]
[WhiteElo "2169"]
[BlackElo "2247"]

1.e4 c5 2.Nf3 e6 3.d4 cxd4 4.Nxd4 Nc6 5.Nb5 Bc5 6.Nd6+ Ke7 7.Nxc8+ Rxc8 8.Bd3
Nf6 9.O-O Qc7 10.Nc3 h5 11.Bg5 Kf8 12.Bxf6 gxf6 13.Qf3 Ke7 14.Qh3 Ne5 15.Rae1
Rcg8 16.Re2 Ng6 17.e5 Nf4 18.exf6+ Kf8 19.Qf3 Rxg2+ 20.Qxg2 Nxg2 21.Kxg2 Rg8+
22.Kh1 Qf4 23.f3 Qxf3+ {#R} 0-1

[Event "It"]
[Site "masterchessopen.com – Makarska (Croatia)"]
[Round "0"]
[White "Matkovic Tonci (CRO)"]
[Black "Stone Raymond (CAN)"]
[Result "1-0"]
[WhiteElo "2302"]
[BlackElo "2321"]

1.e4 c5 2.Nf3 e6 3.d4 cxd4 4.Nxd4 Nc6 5.Nb5 d6 6.Bf4 e5 7.Be3 a6 8.N5c3 Nf6
9.Bg5 Be7 10.Bxf6 Bxf6 11.Nd5 O-O 12.Bc4 Bg5 13.Nbc3 b5 14.Bd3 {#r} 1-0

[Event "It (open)"]
[Site "masterchessopen.com – Mar del Plata (Argentina)"]
[Round "7"]
[White "De Las Heras Juan Carlos (ARG)"]
[Black "Milos Gilberto (BRA)"]
[Result "0-1"]
[WhiteElo "2285"]
[BlackElo "2565"]

1.e4 c5 2.Nf3 e6 3.d4 cxd4 4.Nxd4 Nc6 5.Nb5 Nf6 6.Bf4 e5 7.Bg3 Bc5 8.N1c3 h6
9.Bh4 g5 10.Bg3 d6 11.Nd5 Nxd5 12.Qxd5 a6 13.Na3 Nd4 14.Bxe5 Be6 15.Bxh8 Bxd5
16.Bxd4 Bxd4 17.O-O-O Qf6 18.c3 Bxc3 19.bxc3 Qxc3+ 20.Nc2 Bxe4 {#R} 0-1

[Event "It (open)"]
[Site "masterchessopen.com – Savonlinna (Finland)"]
[Round "0"]
[White "Sammalvuo Tapani (FIN)"]
[Black "Kiik Kalle (EST)"]
[Result "0-1"]
[WhiteElo "2477"]
[BlackElo "2406"]

1.e4 c5 2.Nf3 e6 3.d4 cxd4 4.Nxd4 Nc6 5.Nb5 d6 6.c4 Nf6 7.N1c3 a6 8.Na3 Be7
9.Be2 b6 10.O-O Bb7 11.Be3 Nb8 12.f3 Nbd7 13.Qd2 O-O 14.Rfd1 Qc7 15.Qe1 Rac8
16.Qf2 Rfe8 17.Kh1 d5 18.exd5 exd5 {#R} 0-1

[Event "It (open)"]
[Site "masterchessopen.com – Wiesbaden (Germany)"]
[Round "0"]
[White "Klaus Daniel (GER)"]
[Black "Kallai Gabor (HUN)"]
[Result "0-1"]
[WhiteElo "1930"]
[BlackElo "2460"]

1.e4 c5 2.Nf3 Nc6 3.d4 cxd4 4.Nxd4 e6 5.Nb5 d6 6.N1c3 a6 7.Nd4 Bd7 8.Be3 Nf6
9.Be2 b5 10.a3 Be7 11.f4 O-O 12.O-O Qc7 13.Bf3 Na5 14.Qe1 Nc4 15.b3 Nxe3
16.Qxe3 Rac8 17.Nce2 e5 18.Nf5 Bxf5 19.exf5 Rfe8 20.g3 e4 21.Bg2 Ng4 22.Qd2
Bf6 23.Rad1 Qc5+ {#R} 0-1

[Event "Ch Catalunia (team)"]
[Site "masterchessopen.com – Catalunia (Spain)"]
[Round "0"]
[White "Martin Garcia Carlos (ESP)"]
[Black "Vidarte Morales Arturo (ESP)"]
[Result "0-1"]
[WhiteElo "2132"]
[BlackElo "2330"]

1.e4 c5 2.Nf3 e6 3.d4 cxd4 4.Nxd4 Nc6 5.Nb5 d6 6.Bf4 e5 7.Bg5 Qxg5 8.Nc7+ Kd8
9.Nxa8 Nf6 10.Nc3 Nd4 11.a4 Qg6 12.f3 d5 13.Nb5 Bc5 14.c3 Nxe4 15.cxd4 Bb4+
16.Ke2 Nd2 17.Nc3 exd4 18.Qxd2 dxc3 19.Qxd5+ Bd7 {#R} 0-1

[Event "Olympiad (w)"]
[Site "masterchessopen.com – Moscow (Russia)"]
[Round "13"]
[White "Kondou Eva (GRE)"]
[Black "De Kleuver Esther (NED)"]
[Result "1-0"]
[WhiteElo "2187"]
[BlackElo "2126"]

1.e4 c5 2.Nf3 e6 3.d4 cxd4 4.Nxd4 Nc6 5.Nb5 d6 6.c4 Nf6 7.N5c3 b6 8.Be2 Bb7
9.O-O Nb8 10.f3 a6 11.Be3 Nbd7 12.Nd2 Be7 13.f4 O-O 14.Rf3 Qc7 15.Kh1 Rac8
16.Qe1 Rfe8 17.Qg3 Ba8 18.Re1 Nc5 19.Bxc5 Qxc5 20.e5 Nd7 {#r} 1-0

[Event "It (cat.2)"]
[Site "masterchessopen.com – Budapest (Hungary)"]
[Round "10"]
[White "Czebe Attila (HUN)"]
[Black "Belotelov Dmitriy (RUS)"]
[Result "1-0"]
[WhiteElo "2345"]
[BlackElo "2230"]

1.e4 e6 2.d4 c5 3.Nf3 cxd4 4.Nxd4 Nc6 5.Nb5 d6 6.c4 Nf6 7.N1c3 a6 8.Na3 b6
9.Be3 Bb7 10.Be2 Nb8 11.f3 Nbd7 12.O-O Qc7 13.Qd2 Be7 14.Rfd1 Rc8 15.Rac1 O-O
16.Nc2 Qb8 17.Bf1 Bd8 18.Bd4 Bc7 19.g3 Ne5 20.Qe2 Bd8 21.b3 Nfd7 22.Bh3 Nc5
23.Bxe5 dxe5 24.b4 {#r} 1-0

[Event "It (open)"]
[Site "masterchessopen.com – Fuzesabony (Hungary)"]
[Round "1"]
[White "Sleisz Tamas (HUN)"]
[Black "Toth Mihaly (HUN)"]
[Result "1-0"]
[WhiteElo "2236"]
[BlackElo "2049"]

1.e4 c5 2.Nf3 e6 3.d4 cxd4 4.Nxd4 Nc6 5.Nb5 a6 6.Nd6+ Bxd6 7.Qxd6 Nf6 8.Nc3
Qe7 9.Qg3 Nb4 10.Bd3 Nxd3+ 11.cxd3 d5 12.e5 Nh5 13.Qf3 g6 14.g4 d4 15.Ne4 Qb4+
16.Kf1 O-O 17.gxh5 f5 18.exf6 Bd7 19.hxg6 Bc6 20.Qh5 {#r} 1-0